| 000 | 01203cam a22003494a 4500 | ||
|---|---|---|---|
| 001 | 13054166 | ||
| 003 | Ost | ||
| 005 | 20140310184518.0 | ||
| 007 | OSt | ||
| 008 | 030110s2003 nyua j b 001 0 eng | ||
| 010 | _a 2003000557 | ||
| 020 | _a0531122522 | ||
| 040 |
_aDLC _cDLC _dDLC |
||
| 042 |
_apcc _alcac |
||
| 050 | 0 | 0 |
_aBF 575.P9 _b.D38 2003 |
| 100 | 1 |
_aDavidson, Tish. _925947 |
|
| 245 | 1 | 0 |
_aPrejudice / _cTish Davidson. |
| 260 |
_aNew York : _bFranklin Watts, _c2003. |
||
| 300 |
_a80 p. : _bcol. ill. ; _c21 cm. |
||
| 440 | 0 |
_aLife balance _925625 |
|
| 504 | _aIncludes bibliographical references (p. 72-75) and index. | ||
| 505 | 0 | _aWhat is prejudice? -- The root of prejudice -- The anatomy of discrimination -- Prejudice in action -- Fighting discrimination. | |
| 521 | _aG12 | ||
| 526 | _c1170 | ||
| 650 | 0 |
_aPrejudices _vJuvenile literature. _929590 |
|
| 650 | 0 |
_aHate _vJuvenile literature. _929591 |
|
| 650 | 0 |
_aDiscrimination _vJuvenile literature. _929592 |
|
| 906 |
_a7 _bcbc _corignew _d1 _eecip _f20 _gy-gencatlg |
||
| 942 |
_2lcc _cBK-SCHOLAS |
||
| 999 |
_c34981 _d34981 |
||